<?xml version="1.0" encoding="UTF-8"?>
<record
    xmlns:xsi="http://www.w3.org/2001/XMLSchema-instance"
    xsi:schemaLocation="http://www.loc.gov/MARC21/slim http://www.loc.gov/standards/marcxml/schema/MARC21slim.xsd"
    xmlns="http://www.loc.gov/MARC21/slim">

  <leader>01842    a2200217   4500</leader>
  <controlfield tag="001">38538</controlfield>
  <controlfield tag="005">20260407155648.0</controlfield>
  <controlfield tag="008">260407a1973    arg                 spa d</controlfield>
  <controlfield tag="003">AR-UNSa-BCEJYS</controlfield>
  <datafield tag="040" ind1=" " ind2=" ">
    <subfield code="a">AR-UNSa-BCEJYS</subfield>
    <subfield code="b">spa</subfield>
    <subfield code="c">AR-UNSa-BCEJYS</subfield>
  </datafield>
  <datafield tag="080" ind1=" " ind2=" ">
    <subfield code="a">658.8.012.12</subfield>
    <subfield code="x">Investigaci&#xF3;n de mercados</subfield>
  </datafield>
  <datafield tag="245" ind1="1" ind2="0">
    <subfield code="a">Mercadotecnia</subfield>
    <subfield code="p">introducci&#xF3;n y principios</subfield>
  </datafield>
  <datafield tag="264" ind1=" " ind2="1">
    <subfield code="a">M&#xE9;xico :</subfield>
    <subfield code="b">Interamericana</subfield>
    <subfield code="c">1973</subfield>
  </datafield>
  <datafield tag="300" ind1=" " ind2=" ">
    <subfield code="a">x, 488 p.</subfield>
    <subfield code="c">24 cm.</subfield>
  </datafield>
  <datafield tag="505" ind1=" " ind2=" ">
    <subfield code="a">Parte I: Antecedentes para el estudio de la mercadotecnia : 1 &#xBF;Que es la mercdotecnia? - 2. La mercdotecnia: &#xBF; Un esterotipo ? - 3. Fundamentos sociales y econ&#xF3;micos de la mercadotecnia - Parte II: La mercadotecnia y la reglamentaci&#xF3;n formal: 4. Los mensajes ega&#xF1;osos y la sociedad - 5. La expansi&#xF3;n de los negocios, la mercadotecnia y la sociedad - 6. La discriminaci&#xF3;n por los precios, la mercadotecnia y la sociedad - 7. Naturaleza de los patrones de consumo - 8. Determinantes del comportamiento de los consumidores - 9. Determinantes del comportamiento de los consumidores - 10. La oportunidad de hacer negocios y la estimaci&#xF3;n del mercado - 11. Investigaci&#xF3;n de mercado - 12. La competencia en la afluencia mixta - 13. Estrategia general de la mercadotecnia - 14. Los canales de mercadotecnia Por que se crean - 15. Canales de distribuci&#xF3;n: Tipos y componentes - 16. Teorias sobre el cambio en las instituciones - 17. Logistica y distribuci&#xF3;n f&#xED;sica - 18. Los medios de difusi&#xF3;n la publicidad y la sociedad - 19. Eficacia en la promoci&#xF3;n - 20. Los productos y la sociedad - 21. Teorias sobre la fijaci&#xF3;n de precios - 22. El precio: percepciones y estructura - 23. Algunos problemas especiales de la fijaci&#xF3;n de precios.</subfield>
  </datafield>
  <datafield tag="041" ind1=" " ind2=" ">
    <subfield code="a">spa</subfield>
  </datafield>
  <datafield tag="942" ind1=" " ind2=" ">
    <subfield code="c">BK</subfield>
  </datafield>
  <datafield tag="590" ind1=" " ind2=" ">
    <subfield code="a">niveau_biblio:m niveau_hierar:0</subfield>
  </datafield>
  <datafield tag="100" ind1="1" ind2=" ">
    <subfield code="a">Agut Armer, Vicente</subfield>
  </datafield>
  <datafield tag="700" ind1="1" ind2=" ">
    <subfield code="a">Gist, Ronald R.</subfield>
  </datafield>
  <datafield tag="999" ind1=" " ind2=" ">
    <subfield code="c">2898</subfield>
    <subfield code="d">2898</subfield>
  </datafield>
  <datafield tag="952" ind1=" " ind2=" ">
    <subfield code="0">0</subfield>
    <subfield code="1">0</subfield>
    <subfield code="4">0</subfield>
    <subfield code="7">0</subfield>
    <subfield code="a">BCEJYS</subfield>
    <subfield code="b">BCEJYS</subfield>
    <subfield code="c">16</subfield>
    <subfield code="d">2026-04-07</subfield>
    <subfield code="l">0</subfield>
    <subfield code="o">658.8.012.12 G531</subfield>
    <subfield code="p">L33582</subfield>
    <subfield code="r">2026-04-07 15:56:48</subfield>
    <subfield code="w">2026-04-07</subfield>
    <subfield code="y">L</subfield>
  </datafield>
</record>
